| 000 | 004930000a22001690004500 | ||
|---|---|---|---|
| 003 | MACL | ||
| 005 | 20151229171741.0 | ||
| 008 | 151229b xxu||||| |||| 00| 0 eng d | ||
| 040 |
_aMACL _cMACL |
||
| 041 | _aEnglish | ||
| 082 | _a301.3/MUR | ||
| 100 |
_aUnesco _924393 |
||
| 245 |
_aThe Positive Contribution by Immigrants _bthe symposium Prepared for the Unesco by the International Sociological Association |
||
| 260 | _aFeance | ||
| 650 |
_aSociology _924394 |
||
| 942 |
_cBK _k301.3/UNE _2ddc |
||
| 999 |
_c37929 _d37929 |
||